| Record ID | marc_records_scriblio_net/part25.dat:43912965:946 |
| Source | Scriblio |
| Download Link | /show-records/marc_records_scriblio_net/part25.dat:43912965:946?format=raw |
LEADER: 00946nam 2200265 a 4500
001 95103426
003 DLC
005 19950316153216.2
008 950112s1993 fr b 001 0 fre
010 $a 95103426
020 $a2204048739
040 $aDLC$cDLC
041 1 $afregrc$hgrc
050 00 $aBS1475$b.E95 1993
082 00 $a223/.8077$220
100 0 $aEvagrius,$cPonticus,$d345?-399.
240 10 $aScholia eis ton Ekklēsiastēn.$lFrench & Greek
245 10 $aScholies à l'Ecclésiaste /$cEvagre le Pontique ; édition princeps du texte grec, introduction, traduction, notes et index par Paul Géhin.
260 $aParis :$bEditions du Cerf,$c1993.
300 $a200 p. ;$c20 cm.
440 0 $aSources chrétiennes,$x0750-1978 ;$vno 397
504 $aIncludes bibliographical references (p. [49]-55) and indexes.
630 00 $aBible.$pO.T.$pEcclesiastes$xCommentaries$xEarly works to 1800.
650 0 $aScholia.
700 1 $aGéhin, Paul.